[Event "Russian Blitz Team Championship (w)"]
[Site "Sochi"]
[Date "2022.10.17"]
[Round "9.3"]
[White "Guseva, Marina"]
[Black "Baranova, Elizaveta"]
[Result "0-1"]
[BlackElo "1846"]
[WhiteElo "2273"]
[LiveChessVersion "1.4.8"]

1. d4 {[%clk 0:03:02]} Nf6 {[%clk 0:03:03]} 2. c4 {[%clk 0:03:01]} c5
{[%clk 0:03:04]} 3. d5 {[%clk 0:03:02]} b5 {[%clk 0:03:05]} 4. cxb5
{[%clk 0:03:03]} a6 {[%clk 0:03:07]} 5. bxa6 {[%clk 0:03:03]} g6 {[%clk 0:03:07]}
6. Nc3 {[%clk 0:03:04]} Bxa6 {[%clk 0:03:09]} 7. e4 {[%clk 0:03:05]} Bxf1
{[%clk 0:03:09]} 8. Kxf1 {[%clk 0:03:06]} d6 {[%clk 0:03:10]} 9. Nf3
{[%clk 0:03:06]} Nbd7 {[%clk 0:03:11]} 10. g3 {[%clk 0:03:06]} Bg7
{[%clk 0:03:12]} 11. Kg2 {[%clk 0:03:07]} O-O {[%clk 0:03:12]} 12. a4
{[%clk 0:03:02]} Qa5 {[%clk 0:03:05]} 13. Qc2 {[%clk 0:03:02]} Rfb8
{[%clk 0:03:05]} 14. Ra3 {[%clk 0:02:55]} Ng4 {[%clk 0:02:43]} 15. Nb5
{[%clk 0:02:26]} Qb4 {[%clk 0:02:22]} 16. b3 {[%clk 0:01:47]} Rxb5
{[%clk 0:02:11]} 17. axb5 {[%clk 0:01:48]} Rxa3 {[%clk 0:02:11]} 18. Bxa3
{[%clk 0:01:48]} Qxa3 {[%clk 0:02:12]} 19. Rb1 {[%clk 0:01:08]} Qa5
{[%clk 0:01:55]} 20. Qe2 {[%clk 0:00:52]} Nge5 {[%clk 0:01:49]} 21. Nxe5
{[%clk 0:00:38]} Bxe5 {[%clk 0:01:49]} 22. h4 {[%clk 0:00:31]} Qb4
{[%clk 0:01:33]} 23. Qc4 {[%clk 0:00:30]} Qa5 {[%clk 0:01:07]} 24. Rc1
{[%clk 0:00:28]} Nb6 {[%clk 0:01:08]} 25. Qd3 {[%clk 0:00:28]} Bd4
{[%clk 0:01:05]} 26. Rc2 {[%clk 0:00:28]} Nd7 {[%clk 0:00:53]} 27. Qe2
{[%clk 0:00:19]} Qb4 {[%clk 0:00:45]} 28. Qc4 {[%clk 0:00:19]} Qa5
{[%clk 0:00:46]} 29. Qe2 {[%clk 0:00:19]} Qb4 {[%clk 0:00:47]} 30. Qc4
{[%clk 0:00:19]} Qa5 {[%clk 0:00:48]} 31. Qa4 {[%clk 0:00:18]} Qe1
{[%clk 0:00:41]} 32. Qc4 {[%clk 0:00:09]} Qxe4+ {[%clk 0:00:41]} 33. f3
{[%clk 0:00:09]} Qe1 {[%clk 0:00:41]} 34. Qe2 {[%clk 0:00:09]} Qg1+
{[%clk 0:00:42]} 35. Kh3 {[%clk 0:00:09]} Qh1+ {[%clk 0:00:39]} 36. Qh2
{[%clk 0:00:10]} Qxf3 {[%clk 0:00:39]} 37. Qe2 {[%clk 0:00:11]} Qxb3
{[%clk 0:00:34]} 38. Ra2 {[%clk 0:00:11]} Be5 {[%clk 0:00:31]} 39. Ra8+
{[%clk 0:00:10]} Kg7 {[%clk 0:00:32]} 40. Qg4 {[%clk 0:00:10]} Nf6
{[%clk 0:00:32]} 41. Qg5 {[%clk 0:00:10]} h6 {[%clk 0:00:33]} 0-1

[Event "Russian Blitz Team Championship (w)"]
[Site "Sochi"]
[Date "2022.10.17"]
[Round "9.4"]
[White "Volchkova, Alena"]
[Black "Kovanova, Baira"]
[Result "0-1"]
[BlackElo "2217"]
[WhiteElo "1700"]
[LiveChessVersion "1.4.8"]

1. e4 {[%clk 0:03:04]} e5 {[%clk 0:03:03]} 2. Nf3 {[%clk 0:03:05]} Nc6
{[%clk 0:03:04]} 3. Bb5 {[%clk 0:03:06]} a6 {[%clk 0:03:01]} 4. Ba4
{[%clk 0:03:07]} Nge7 {[%clk 0:03:02]} 5. O-O {[%clk 0:03:05]} g6
{[%clk 0:03:02]} 6. c3 {[%clk 0:03:06]} Bg7 {[%clk 0:03:02]} 7. d4
{[%clk 0:03:00]} exd4 {[%clk 0:03:03]} 8. cxd4 {[%clk 0:03:01]} b5
{[%clk 0:03:04]} 9. Bb3 {[%clk 0:02:59]} d6 {[%clk 0:03:04]} 10. h3
{[%clk 0:02:56]} O-O {[%clk 0:03:03]} 11. Nbd2 {[%clk 0:02:53]} Na5
{[%clk 0:03:01]} 12. Bc2 {[%clk 0:02:51]} c5 {[%clk 0:02:57]} 13. d5
{[%clk 0:02:14]} c4 {[%clk 0:02:54]} 14. Re1 {[%clk 0:02:10]} Nb7
{[%clk 0:02:54]} 15. Nf1 {[%clk 0:02:10]} Nc5 {[%clk 0:02:54]} 16. Rb1
{[%clk 0:02:02]} h6 {[%clk 0:02:32]} 17. Be3 {[%clk 0:02:01]} Nd7
{[%clk 0:01:56]} 18. Qe2 {[%clk 0:01:55]} Re8 {[%clk 0:01:52]} 19. Ng3
{[%clk 0:01:26]} Bb7 {[%clk 0:01:46]} 20. Rf1 {[%clk 0:01:16]} Nf6
{[%clk 0:01:44]} 21. Nd4 {[%clk 0:01:14]} Qd7 {[%clk 0:01:28]} 22. f4
{[%clk 0:01:08]} Nexd5 {[%clk 0:01:26]} 23. exd5 {[%clk 0:00:51]} Nxd5
{[%clk 0:01:26]} 24. Ne4 {[%clk 0:00:50]} Nxe3 {[%clk 0:01:08]} 25. Qxe3
{[%clk 0:00:51]} Bxe4 {[%clk 0:01:04]} 26. Bxe4 {[%clk 0:00:51]} d5
{[%clk 0:01:04]} 27. Nf3 {[%clk 0:00:27]} Rxe4 {[%clk 0:01:04]} 28. Qc5
{[%clk 0:00:27]} Rc8 {[%clk 0:00:54]} 29. Qb6 {[%clk 0:00:28]} Qc6
{[%clk 0:00:52]} 30. Qa7 {[%clk 0:00:27]} Rc7 {[%clk 0:00:48]} 31. Qf2
{[%clk 0:00:18]} d4 {[%clk 0:00:46]} 32. Rbe1 {[%clk 0:00:17]} d3
{[%clk 0:00:44]} 33. Nd2 {[%clk 0:00:16]} Rxe1 {[%clk 0:00:42]} 34. Qxe1
{[%clk 0:00:16]} Qc5+ {[%clk 0:00:41]} 35. Kh1 {[%clk 0:00:17]} Re7
{[%clk 0:00:42]} 36. Qg3 {[%clk 0:00:17]} Qe3 {[%clk 0:00:39]} 37. Nf3
{[%clk 0:00:16]} d2 {[%clk 0:00:37]} 38. f5 {[%clk 0:00:17]} Qe2 {[%clk 0:00:32]}
39. Nxd2 {[%clk 0:00:07]} Qxd2 {[%clk 0:00:32]} 40. fxg6 {[%clk 0:00:08]} fxg6
{[%clk 0:00:28]} 41. Qxg6 {[%clk 0:00:08]} Qd3 {[%clk 0:00:17]} 42. Rf5
{[%clk 0:00:05]} Qe4 {[%clk 0:00:11]} 43. Kh2 {[%clk 0:00:03]} Qe6
{[%clk 0:00:09]} 44. Qg4 {[%clk 0:00:04]} Qd6+ {[%clk 0:00:09]} 45. Kh1
{[%clk 0:00:06]} Re1+ {[%clk 0:00:09]} 0-1

[Event "Russian Blitz Team Championship (w)"]
[Site "Sochi"]
[Date "2022.10.17"]
[Round "9.5"]
[White "Gvanceladze, Anna"]
[Black "Shuvalova, Polina"]
[Result "0-1"]
[BlackElo "2392"]
[WhiteElo "2038"]
[LiveChessVersion "1.4.8"]

1. d4 {[%clk 0:03:03]} Nf6 {[%clk 0:03:04]} 2. Nf3 {[%clk 0:03:03]} d5
{[%clk 0:03:05]} 3. c4 {[%clk 0:03:04]} e6 {[%clk 0:03:06]} 4. cxd5
{[%clk 0:03:04]} exd5 {[%clk 0:03:07]} 5. Nc3 {[%clk 0:03:05]} c6
{[%clk 0:03:07]} 6. Bg5 {[%clk 0:03:05]} h6 {[%clk 0:03:05]} 7. Bh4
{[%clk 0:03:01]} Bd6 {[%clk 0:03:02]} 8. Qc2 {[%clk 0:02:56]} g6 {[%clk 0:02:54]}
9. e3 {[%clk 0:02:54]} Bf5 {[%clk 0:02:46]} 10. Qb3 {[%clk 0:02:40]} b6
{[%clk 0:02:34]} 11. Be2 {[%clk 0:02:36]} Nbd7 {[%clk 0:02:34]} 12. Rc1
{[%clk 0:02:30]} O-O {[%clk 0:02:34]} 13. O-O {[%clk 0:02:18]} Rc8
{[%clk 0:02:34]} 14. Rfd1 {[%clk 0:01:44]} Re8 {[%clk 0:02:35]} 15. a3
{[%clk 0:01:43]} Qe7 {[%clk 0:02:20]} 16. Na2 {[%clk 0:01:17]} a5
{[%clk 0:02:11]} 17. Nc3 {[%clk 0:01:13]} b5 {[%clk 0:02:02]} 18. a4
{[%clk 0:01:08]} b4 {[%clk 0:02:01]} 19. Nb1 {[%clk 0:01:09]} Nb6
{[%clk 0:01:45]} 20. Nbd2 {[%clk 0:01:07]} Kg7 {[%clk 0:01:46]} 21. Qa2
{[%clk 0:01:02]} g5 {[%clk 0:01:39]} 22. Bg3 {[%clk 0:01:03]} Bxg3
{[%clk 0:01:40]} 23. hxg3 {[%clk 0:01:04]} Rc7 {[%clk 0:01:32]} 24. Nb3
{[%clk 0:01:05]} Ra8 {[%clk 0:01:29]} 25. Ne5 {[%clk 0:01:03]} Qd6
{[%clk 0:01:26]} 26. Rc5 {[%clk 0:00:54]} Nfd7 {[%clk 0:01:09]} 27. Nxd7
{[%clk 0:00:52]} Bxd7 {[%clk 0:00:59]} 28. Rdc1 {[%clk 0:00:52]} Rca7
{[%clk 0:00:58]} 29. Bd3 {[%clk 0:00:49]} h5 {[%clk 0:00:53]} 30. Nd2
{[%clk 0:00:39]} Rh8 {[%clk 0:00:50]} 31. Nf3 {[%clk 0:00:39]} f6
{[%clk 0:00:47]} 32. e4 {[%clk 0:00:35]} dxe4 {[%clk 0:00:42]} 33. Bxe4
{[%clk 0:00:36]} h4 {[%clk 0:00:35]} 34. gxh4 {[%clk 0:00:35]} g4
{[%clk 0:00:36]} 35. Nh2 {[%clk 0:00:22]} Qxd4 {[%clk 0:00:36]} 36. Bxc6
{[%clk 0:00:20]} g3 {[%clk 0:00:36]} 37. Nf3 {[%clk 0:00:14]} gxf2+
{[%clk 0:00:36]} 38. Kf1 {[%clk 0:00:09]} Qe3 {[%clk 0:00:27]} 39. b3
{[%clk 0:00:06]} Bxc6 {[%clk 0:00:15]} 40. Rxc6 {[%clk 0:00:08]} Nd5
{[%clk 0:00:16]} 41. Qxf2 {[%clk 0:00:08]} Qd3+ {[%clk 0:00:13]} 42. Kg1
{[%clk 0:00:08]} Re7 {[%clk 0:00:12]} 43. Nd4 {[%clk 0:00:08]} Re5
{[%clk 0:00:09]} 44. Nf5+ {[%clk 0:00:08]} Rxf5 {[%clk 0:00:07]} 45. Qa7+
{[%clk 0:00:06]} Kg6 {[%clk 0:00:07]} 46. Rd6 {[%clk 0:00:06]} Qe3+
{[%clk 0:00:06]} 47. Qxe3 {[%clk 0:00:06]} Nxe3 {[%clk 0:00:08]} 48. Rcc6
{[%clk 0:00:05]} Rf1+ {[%clk 0:00:08]} 49. Kh2 {[%clk 0:00:06]} Rxh4+
{[%clk 0:00:10]} 50. Kg3 {[%clk 0:00:08]} Nf5# {[%clk 0:00:10]} 0-1

[Event "Russian Blitz Team Championship (w)"]
[Site "Sochi"]
[Date "2022.10.17"]
[Round "9.6"]
[White "Gunina, Valentina"]
[Black "Miroshnik, Ekaterina"]
[Result "1-0"]
[BlackElo "2011"]
[WhiteElo "2376"]
[LiveChessVersion "1.4.8"]

1. d4 {[%clk 0:03:02]} d6 {[%clk 0:03:03]} 2. Nf3 {[%clk 0:03:02]} Nd7
{[%clk 0:03:04]} 3. c4 {[%clk 0:03:03]} e5 {[%clk 0:03:05]} 4. Nc3
{[%clk 0:03:03]} Ngf6 {[%clk 0:03:05]} 5. e4 {[%clk 0:03:04]} Be7
{[%clk 0:03:06]} 6. Be2 {[%clk 0:03:06]} c6 {[%clk 0:03:07]} 7. O-O
{[%clk 0:03:06]} O-O {[%clk 0:03:07]} 8. Re1 {[%clk 0:03:07]} b6 {[%clk 0:03:06]}
9. h3 {[%clk 0:03:08]} a6 {[%clk 0:03:06]} 10. Be3 {[%clk 0:03:08]} Bb7
{[%clk 0:03:06]} 11. Qc2 {[%clk 0:03:03]} Rc8 {[%clk 0:03:01]} 12. Rad1
{[%clk 0:03:04]} Qc7 {[%clk 0:02:58]} 13. Nh4 {[%clk 0:03:02]} g6
{[%clk 0:02:32]} 14. f4 {[%clk 0:03:03]} Rfe8 {[%clk 0:02:15]} 15. dxe5
{[%clk 0:02:53]} dxe5 {[%clk 0:02:15]} 16. f5 {[%clk 0:02:53]} a5
{[%clk 0:01:53]} 17. Rf1 {[%clk 0:02:54]} Nc5 {[%clk 0:01:33]} 18. fxg6
{[%clk 0:02:50]} fxg6 {[%clk 0:01:27]} 19. Bg5 {[%clk 0:02:47]} Rf8
{[%clk 0:01:26]} 20. Bh6 {[%clk 0:02:29]} Rfd8 {[%clk 0:01:20]} 21. Nf3
{[%clk 0:02:27]} Rxd1 {[%clk 0:01:18]} 22. Qxd1 {[%clk 0:02:27]} Ncxe4
{[%clk 0:01:07]} 23. Nxe4 {[%clk 0:02:27]} Nxe4 {[%clk 0:01:08]} 24. Bd3
{[%clk 0:02:19]} Ng3 {[%clk 0:01:04]} 25. Re1 {[%clk 0:02:17]} Bf6
{[%clk 0:00:47]} 26. Nd2 {[%clk 0:02:12]} c5 {[%clk 0:00:35]} 27. Qg4
{[%clk 0:02:10]} e4 {[%clk 0:00:27]} 28. Nxe4 {[%clk 0:02:02]} Nxe4
{[%clk 0:00:26]} 29. Bxe4 {[%clk 0:02:02]} Bxe4 {[%clk 0:00:17]} 30. Qe6+
{[%clk 0:02:02]} Bf3 {[%clk 0:03:02]} 1-0

[Event "Russian Blitz Team Championship (w)"]
[Site "Sochi"]
[Date "2022.10.17"]
[Round "9.7"]
[White "Kirchei, Viktoriia"]
[Black "Badelka, Olga"]
[Result "0-1"]
[BlackElo "2316"]
[WhiteElo "1970"]
[LiveChessVersion "1.4.8"]

1. e4 {[%clk 0:03:03]} e5 {[%clk 0:03:03]} 2. Nf3 {[%clk 0:03:04]} Nc6
{[%clk 0:03:05]} 3. Bb5 {[%clk 0:03:05]} Nf6 {[%clk 0:03:06]} 4. O-O
{[%clk 0:03:05]} Nxe4 {[%clk 0:03:07]} 5. d4 {[%clk 0:02:52]} Nd6
{[%clk 0:03:01]} 6. Bxc6 {[%clk 0:02:52]} dxc6 {[%clk 0:03:02]} 7. dxe5
{[%clk 0:02:54]} Nf5 {[%clk 0:03:03]} 8. Qxd8+ {[%clk 0:02:54]} Kxd8
{[%clk 0:03:05]} 9. Rd1+ {[%clk 0:02:29]} Ke8 {[%clk 0:03:06]} 10. Bf4
{[%clk 0:02:27]} h6 {[%clk 0:03:06]} 11. g4 {[%clk 0:02:21]} Ne7 {[%clk 0:03:07]}
12. h3 {[%clk 0:02:18]} Ng6 {[%clk 0:03:02]} 13. Bg3 {[%clk 0:02:08]} h5
{[%clk 0:03:03]} 14. Ng5 {[%clk 0:01:57]} hxg4 {[%clk 0:03:00]} 15. hxg4
{[%clk 0:01:25]} Bxg4 {[%clk 0:03:01]} 16. Rd4 {[%clk 0:01:26]} Bf5
{[%clk 0:02:57]} 17. Nc3 {[%clk 0:01:21]} Be7 {[%clk 0:02:12]} 18. Nge4
{[%clk 0:01:20]} c5 {[%clk 0:02:04]} 19. Rd2 {[%clk 0:01:18]} Nh4
{[%clk 0:01:52]} 20. Rd3 {[%clk 0:00:50]} b5 {[%clk 0:01:09]} 21. f3
{[%clk 0:00:25]} c4 {[%clk 0:01:02]} 22. Re3 {[%clk 0:00:20]} Bxe4
{[%clk 0:00:48]} 23. fxe4 {[%clk 0:00:18]} Bc5 {[%clk 0:00:49]} 0-1

[Event "Russian Blitz Team Championship (w)"]
[Site "Sochi"]
[Date "2022.10.17"]
[Round "9.8"]
[White "Solozhenkina, Elizaveta"]
[Black "Petrova, Elizaveta"]
[Result "0-1"]
[BlackElo "1922"]
[WhiteElo "2218"]
[LiveChessVersion "1.4.8"]

1. Nf3 {[%clk 0:03:03]} Nf6 {[%clk 0:03:04]} 2. g3 {[%clk 0:03:05]} c6
{[%clk 0:03:04]} 3. Bg2 {[%clk 0:03:05]} d5 {[%clk 0:03:05]} 4. O-O
{[%clk 0:03:06]} Bf5 {[%clk 0:03:07]} 5. d3 {[%clk 0:03:04]} e6 {[%clk 0:03:06]}
6. Nbd2 {[%clk 0:03:01]} Be7 {[%clk 0:03:07]} 7. Re1 {[%clk 0:02:59]} h6
{[%clk 0:03:07]} 8. b3 {[%clk 0:02:58]} O-O {[%clk 0:03:07]} 9. Bb2
{[%clk 0:02:59]} Nbd7 {[%clk 0:03:08]} 10. e4 {[%clk 0:03:00]} dxe4
{[%clk 0:03:02]} 11. dxe4 {[%clk 0:03:00]} Bh7 {[%clk 0:03:04]} 12. Qe2
{[%clk 0:02:51]} Qc7 {[%clk 0:03:01]} 13. a3 {[%clk 0:02:41]} Rfd8
{[%clk 0:02:41]} 14. e5 {[%clk 0:02:33]} Ne8 {[%clk 0:02:42]} 15. Ne4
{[%clk 0:02:30]} Nb6 {[%clk 0:02:37]} 16. c4 {[%clk 0:02:25]} a5 {[%clk 0:02:36]}
17. h4 {[%clk 0:02:07]} Rd7 {[%clk 0:02:22]} 18. Red1 {[%clk 0:01:46]} Rad8
{[%clk 0:02:21]} 19. Ne1 {[%clk 0:01:47]} Rxd1 {[%clk 0:02:22]} 20. Rxd1
{[%clk 0:01:48]} Rxd1 21. Qxd1 {[%clk 0:01:49]} a4 {[%clk 0:02:19]} 22. c5
{[%clk 0:01:44]} Nd5 {[%clk 0:02:17]} 23. b4 {[%clk 0:01:39]} b5 {[%clk 0:01:48]}
24. Nd6 {[%clk 0:01:30]} Qd8 {[%clk 0:01:39]} 25. Nf3 {[%clk 0:01:19]} Nec7
{[%clk 0:01:11]} 26. Nd4 Qd7 27. Qf3 {[%clk 0:01:13]} f6 {[%clk 0:00:48]} 28. Bh3
{[%clk 0:00:34]} Kh8 {[%clk 0:00:19]} 29. exf6 {[%clk 0:00:20]} Bxf6
{[%clk 0:00:20]} 30. Qe2 {[%clk 0:00:18]} Bg8 {[%clk 0:00:17]} 31. Bg4
{[%clk 0:00:16]} Ne8 {[%clk 0:00:17]} 32. Nxe8 {[%clk 0:00:16]} Qxe8
{[%clk 0:00:18]} 33. Nf3 {[%clk 0:00:11]} Bxb2 34. Qxb2 {[%clk 0:00:12]} Qg6
{[%clk 0:00:15]} 35. Bh3 {[%clk 0:00:11]} Qe4 {[%clk 0:00:14]} 36. Bg2
{[%clk 0:00:11]} Qc4 {[%clk 0:00:10]} 37. Ne5 {[%clk 0:00:12]} Qb3
{[%clk 0:00:06]} 38. Ng6+ {[%clk 0:00:08]} Kh7 {[%clk 0:00:07]} 39. Nf8+
{[%clk 0:00:09]} Kh8 {[%clk 0:00:08]} 40. Qe2 {[%clk 0:00:05]} Qb1+
{[%clk 0:00:08]} 41. Kh2 {[%clk 0:00:06]} Qf5 {[%clk 0:00:06]} 42. Be4
{[%clk 0:00:07]} Qxf8 {[%clk 0:00:07]} 43. f4 {[%clk 0:00:05]} Qf6
{[%clk 0:00:07]} 44. Qg4 {[%clk 0:00:03]} Qb2+ {[%clk 0:00:06]} 45. Bg2
{[%clk 0:00:04]} Nf6 {[%clk 0:00:06]} 46. Qf3 {[%clk 0:00:05]} Nd5
{[%clk 0:00:05]} 47. Qe4 {[%clk 0:00:06]} Qc3 {[%clk 0:00:05]} 48. g4
{[%clk 0:00:08]} Qf6 {[%clk 0:00:04]} 49. g5 {[%clk 0:00:09]} Qxf4+
{[%clk 0:00:05]} 50. Qxf4 {[%clk 0:00:09]} Nxf4 {[%clk 0:00:07]} 51. Bxc6
{[%clk 0:00:11]} e5 {[%clk 0:00:08]} 52. Bxb5 {[%clk 0:00:11]} Bd5
{[%clk 0:00:05]} 53. gxh6 {[%clk 0:00:12]} gxh6 {[%clk 0:00:06]} 54. Kg3
{[%clk 0:00:10]} Kg7 {[%clk 0:00:07]} 55. Bd7 {[%clk 0:00:07]} Ne6
{[%clk 0:00:05]} 56. c6 {[%clk 0:00:06]} Nc7 {[%clk 0:00:04]} 57. Kf2
{[%clk 0:00:04]} Kf6 {[%clk 0:00:06]} 58. Ke3 {[%clk 0:00:05]} Ke7
{[%clk 0:00:06]} 59. Kd3 {[%clk 0:00:06]} Kd6 {[%clk 0:00:08]} 60. Ke3
{[%clk 0:00:07]} Bxc6 {[%clk 0:00:09]} 61. Bxc6 Kxc6 {[%clk 0:00:10]} 62. Ke4
{[%clk 0:00:08]} Kd6 {[%clk 0:00:11]} 63. h5 {[%clk 0:00:09]} Ke6
{[%clk 0:00:11]} 64. Ke3 {[%clk 0:00:07]} Kd5 {[%clk 0:00:13]} 65. Kd3
{[%clk 0:00:08]} e4+ {[%clk 0:00:14]} 66. Ke3 {[%clk 0:00:10]} Ke5
{[%clk 0:00:16]} 67. b5 {[%clk 0:00:11]} Nxb5 {[%clk 0:00:17]} 0-1

[Event "Russian Blitz Team Championship (w)"]
[Site "Sochi"]
[Date "2022.10.17"]
[Round "9.9"]
[White "Voit, Daria"]
[Black "Maletina, Tatiana"]
[Result "0-1"]
[BlackElo "2184"]
[WhiteElo "2247"]
[LiveChessVersion "1.4.8"]

1. d4 {[%clk 0:03:02]} e6 {[%clk 0:03:03]} 2. c4 {[%clk 0:03:03]} f5
{[%clk 0:03:04]} 3. Nc3 {[%clk 0:03:01]} Nf6 {[%clk 0:03:05]} 4. g3
{[%clk 0:03:01]} d5 {[%clk 0:03:06]} 5. Nf3 {[%clk 0:02:52]} c6 {[%clk 0:03:07]}
6. Bg2 {[%clk 0:02:52]} Bd6 {[%clk 0:03:08]} 7. Bf4 {[%clk 0:02:50]} O-O
{[%clk 0:03:07]} 8. Bxd6 {[%clk 0:02:50]} Qxd6 {[%clk 0:03:07]} 9. O-O
{[%clk 0:02:50]} Bd7 {[%clk 0:03:03]} 10. Ne5 {[%clk 0:02:44]} Be8
{[%clk 0:03:03]} 11. Qd3 {[%clk 0:02:33]} Bg6 {[%clk 0:03:01]} 12. f4
{[%clk 0:02:32]} Nbd7 {[%clk 0:03:00]} 13. a3 {[%clk 0:02:30]} Ne4
{[%clk 0:02:56]} 14. b4 {[%clk 0:02:23]} Nxc3 {[%clk 0:02:36]} 15. Qxc3
{[%clk 0:02:24]} a6 {[%clk 0:02:28]} 16. a4 {[%clk 0:02:11]} Nxe5
{[%clk 0:02:16]} 17. fxe5 {[%clk 0:02:02]} Qe7 {[%clk 0:02:07]} 18. e3
{[%clk 0:02:01]} Be8 {[%clk 0:02:02]} 19. b5 {[%clk 0:01:54]} axb5
{[%clk 0:01:59]} 20. axb5 {[%clk 0:01:55]} Rxa1 {[%clk 0:02:00]} 21. Rxa1
{[%clk 0:01:55]} dxc4 {[%clk 0:01:12]} 22. bxc6 Bxc6 {[%clk 0:01:13]} 23. Bxc6
{[%clk 0:01:50]} bxc6 {[%clk 0:01:14]} 24. Qxc4 {[%clk 0:01:51]} Qd7
{[%clk 0:01:15]} 25. Ra6 {[%clk 0:01:42]} Rc8 {[%clk 0:01:16]} 26. Qc5
{[%clk 0:01:43]} Qd5 {[%clk 0:01:04]} 27. Qe7 {[%clk 0:01:42]} Rb8
{[%clk 0:01:03]} 28. Ra1 {[%clk 0:01:38]} h6 {[%clk 0:01:02]} 29. Qa3
{[%clk 0:01:12]} Rb3 {[%clk 0:00:54]} 30. Qc1 {[%clk 0:01:12]} Qf3
{[%clk 0:00:37]} 31. Ra2 {[%clk 0:00:50]} Rxe3 {[%clk 0:00:22]} 32. Rf2
{[%clk 0:00:32]} Qe4 {[%clk 0:00:23]} 33. Qd2 {[%clk 0:00:33]} Re1+
{[%clk 0:00:22]} 34. Rf1 {[%clk 0:00:33]} Rxf1+ {[%clk 0:00:22]} 35. Kxf1
{[%clk 0:00:34]} Qh1+ {[%clk 0:00:23]} 36. Ke2 {[%clk 0:00:34]} Qxh2+
{[%clk 0:00:24]} 37. Kd3 {[%clk 0:00:35]} Qxd2+ {[%clk 0:00:24]} 38. Kxd2
{[%clk 0:00:35]} g5 {[%clk 0:00:25]} 0-1

[Event "Russian Blitz Team Championship (w)"]
[Site "Sochi"]
[Date "2022.10.17"]
[Round "9.10"]
[White "Kharashuta, Ekaterina"]
[Black "Bivol, Alina"]
[Result "1/2-1/2"]
[BlackElo "2264"]
[WhiteElo "2225"]
[LiveChessVersion "1.4.8"]

1. Nf3 {[%clk 0:03:03]} e6 {[%clk 0:03:00]} 2. g3 {[%clk 0:03:02]} b6
{[%clk 0:03:00]} 3. Bg2 {[%clk 0:03:03]} Bb7 {[%clk 0:03:01]} 4. c4
{[%clk 0:03:04]} f5 {[%clk 0:02:59]} 5. Nc3 {[%clk 0:03:03]} Nf6 {[%clk 0:03:00]}
6. d4 {[%clk 0:02:59]} Bb4 {[%clk 0:02:56]} 7. O-O {[%clk 0:02:54]} O-O
{[%clk 0:02:55]} 8. a3 {[%clk 0:02:48]} Bxc3 {[%clk 0:02:56]} 9. bxc3
{[%clk 0:02:49]} Nc6 {[%clk 0:02:51]} 10. Ne5 {[%clk 0:02:42]} Na5
{[%clk 0:02:51]} 11. Bxb7 {[%clk 0:02:39]} Nxb7 {[%clk 0:02:52]} 12. d5
{[%clk 0:02:36]} Na5 {[%clk 0:02:43]} 13. Bg5 {[%clk 0:02:12]} d6
{[%clk 0:02:37]} 14. Nf3 {[%clk 0:01:56]} Nxc4 {[%clk 0:01:40]} 15. dxe6
{[%clk 0:01:57]} d5 {[%clk 0:00:59]} 16. Nd4 {[%clk 0:01:54]} g6 {[%clk 0:00:43]}
17. Qa4 {[%clk 0:00:58]} Qd6 {[%clk 0:00:36]} 18. Qc6 {[%clk 0:00:38]} Qxc6
{[%clk 0:00:21]} 19. Nxc6 {[%clk 0:00:38]} Ne4 {[%clk 0:00:18]} 20. Bh6
{[%clk 0:00:36]} Rfe8 {[%clk 0:00:19]} 21. e7 {[%clk 0:00:36]} Nxc3
{[%clk 0:00:08]} 22. e3 {[%clk 0:00:38]} Ne4 {[%clk 0:00:08]} 23. Rfd1
{[%clk 0:00:34]} Nf6 {[%clk 0:00:07]} 24. Bg5 {[%clk 0:00:35]} Kf7
{[%clk 0:00:08]} 25. Bxf6 {[%clk 0:00:35]} Kxf6 {[%clk 0:00:09]} 26. Rxd5
{[%clk 0:00:36]} Nd6 {[%clk 0:00:09]} 27. Rad1 {[%clk 0:00:31]} a5
{[%clk 0:00:09]} 28. h3 {[%clk 0:00:29]} b5 {[%clk 0:00:10]} 29. g4
{[%clk 0:00:28]} Ra6 {[%clk 0:00:10]} 30. Rxd6+ {[%clk 0:00:22]} cxd6
{[%clk 0:00:11]} 31. Rxd6+ {[%clk 0:00:23]} Kg7 {[%clk 0:00:05]} 32. Rd8
{[%clk 0:00:25]} Rxc6 {[%clk 0:00:05]} 33. Rxe8 {[%clk 0:00:25]} Re6
{[%clk 0:00:07]} 34. gxf5 {[%clk 0:00:21]} gxf5 {[%clk 0:00:07]} 35. Rb8
{[%clk 0:00:19]} Rxe7 {[%clk 0:00:08]} 36. Rxb5 {[%clk 0:00:20]} f4
{[%clk 0:00:10]} 37. exf4 {[%clk 0:00:19]} Re4 {[%clk 0:00:04]} 38. Rxa5
{[%clk 0:00:19]} Rxf4 {[%clk 0:00:06]} 39. Ra6 {[%clk 0:00:19]} Rf3
{[%clk 0:00:06]} 40. Kg2 {[%clk 0:00:20]} Rb3 {[%clk 0:00:07]} 41. a4
{[%clk 0:00:21]} Ra3 {[%clk 0:00:08]} 42. a5 {[%clk 0:00:23]} h5 {[%clk 0:00:09]}
43. Ra8 {[%clk 0:00:24]} Kg6 {[%clk 0:00:07]} 44. a6 {[%clk 0:00:24]} Kg5
{[%clk 0:00:09]} 45. a7 {[%clk 0:00:21]} Kh4 {[%clk 0:00:09]} 46. Kf1
{[%clk 0:00:09]} Kxh3 {[%clk 0:00:09]} 47. Rh8 {[%clk 0:00:10]} Rxa7
{[%clk 0:00:09]} 48. Rxh5+ {[%clk 0:00:11]} Kg4 {[%clk 0:00:10]} 49. Rc5
{[%clk 0:00:11]} Re7 {[%clk 0:00:09]} 50. Rc3 {[%clk 0:00:12]} Kf4
{[%clk 0:00:10]} 1/2-1/2

[Event "Russian Blitz Team Championship (w)"]
[Site "Sochi"]
[Date "2022.10.17"]
[Round "9.11"]
[White "Kovalevskaya, Ekaterina"]
[Black "Zhapova, Yana"]
[Result "1-0"]
[BlackElo "2120"]
[WhiteElo "2254"]
[LiveChessVersion "1.4.8"]

1. Nf3 {[%clk 0:03:03]} d5 {[%clk 0:03:03]} 2. g3 {[%clk 0:03:04]} Nd7
{[%clk 0:03:03]} 3. d4 {[%clk 0:03:02]} Nb6 {[%clk 0:03:04]} 4. Bg2
{[%clk 0:03:01]} Bf5 {[%clk 0:03:04]} 5. O-O {[%clk 0:03:00]} e6 {[%clk 0:03:05]}
6. Ne5 {[%clk 0:02:28]} h6 {[%clk 0:02:59]} 7. Nd2 {[%clk 0:02:15]} Nf6
{[%clk 0:02:59]} 8. c4 c6 9. c5 {[%clk 0:01:33]} Nbd7 {[%clk 0:02:59]} 10. Ndf3
{[%clk 0:01:34]} Be7 {[%clk 0:02:57]} 11. Bd2 {[%clk 0:01:23]} O-O
{[%clk 0:02:48]} 12. b4 {[%clk 0:01:23]} Qc7 {[%clk 0:02:25]} 13. Bf4
{[%clk 0:01:20]} Qc8 {[%clk 0:01:52]} 14. a4 {[%clk 0:01:20]} b6 {[%clk 0:01:41]}
15. cxb6 {[%clk 0:01:06]} axb6 {[%clk 0:01:32]} 16. Rc1 {[%clk 0:01:06]} c5
{[%clk 0:01:14]} 17. bxc5 {[%clk 0:00:56]} bxc5 {[%clk 0:01:14]} 18. dxc5
{[%clk 0:00:54]} Nxc5 {[%clk 0:00:58]} 19. Nd4 {[%clk 0:00:52]} Qa6
{[%clk 0:00:38]} 20. Nec6 {[%clk 0:00:46]} Qb7 {[%clk 0:00:15]} 21. Nxe7+
{[%clk 0:00:45]} Qxe7 {[%clk 0:00:15]} 22. Nc6 {[%clk 0:00:41]} Qb7
{[%clk 0:00:07]} 23. Rxc5 {[%clk 0:00:41]} Rfc8 {[%clk 0:00:06]} 24. Na5
{[%clk 0:00:32]} Qb4 {[%clk 0:00:05]} 25. Rb5 {[%clk 0:00:29]} Qc3
{[%clk 0:00:04]} 26. Bd2 {[%clk 0:00:27]} Qe5 {[%clk 0:00:04]} 27. Qb3
{[%clk 0:00:23]} Bc2 {[%clk 0:00:05]} 28. Qe3 {[%clk 0:00:23]} Qxe3
{[%clk 0:00:03]} 29. fxe3 {[%clk 0:00:22]} Bxa4 {[%clk 0:00:03]} 30. Rb7
{[%clk 0:00:21]} Rc2 {[%clk 0:00:04]} 31. Bb4 {[%clk 0:00:19]} Rxe2
{[%clk 0:00:04]} 32. Re1 {[%clk 0:00:13]} Rb2 {[%clk 0:00:04]} 33. Bc3
{[%clk 0:00:13]} Rc2 {[%clk 0:00:04]} 34. Bxf6 {[%clk 0:00:12]} gxf6
{[%clk 0:00:04]} 35. Nb3 {[%clk 0:00:13]} Rc3 {[%clk 0:00:04]} 36. Nd4
{[%clk 0:00:12]} Rac8 {[%clk 0:00:04]} 37. h4 {[%clk 0:00:12]} Kg7
{[%clk 0:00:04]} 38. h5 {[%clk 0:00:12]} Rd3 {[%clk 0:00:05]} 39. Ra1
{[%clk 0:00:10]} Kg8 {[%clk 0:00:05]} 40. Rxa4 {[%clk 0:00:11]} 1-0